[Event "Mittelrhein Verbandsliga-W 17/18"]
[Site "Nordrheinwestfalen"]
[Date "2018.01.14"]
[Round "6.2"]
[White "Singh, Marcel"]
[Black "Alexopoulos, Spiros Orestis"]
[Result "1-0"]
[WhiteElo "1822"]
[BlackElo "1856"]
[PlyCount "91"]
[EventDate "2017.09.10"]
[EventType "team-tourn"]
[EventRounds "11"]
[EventCountry "GER"]
[SourceTitle "EXT 2022"]
[Source "ChessBase"]
[SourceDate "2021.10.06"]
[SourceVersion "1"]
[SourceVersionDate "2021.10.06"]
[SourceQuality "1"]
[WhiteTeam "Eschweiler SC"]
[BlackTeam "Aachen SV III"]
[WhiteTeamCountry "GER"]
[BlackTeamCountry "GER"]

1. e4 d5 2. a3 d4 3. Nf3 c5 4. Bc4 Nc6 5. d3 Bg4 6. Bxf7+ Kd7 7. h3 Bxf3 8. Qxf3 e5 9. Bd5 Nf6 10. Qf5+ Kc7 11. Bxc6 Kxc6 12. Qxe5 Bd6 13. Qf5 Rf8 14. 0-0 g6 15. Qg5 Qc7 16. f4 Nh5 17. Qd5+ Kb6 18. e5 Bxe5 19. Qxe5 Qxe5 20. fxe5 Rxf1+ 21. Kxf1 Rf8+ 22. Kg1 Ng3 23. Nd2 Ne2+ 24. Kh2 Kc6 25. Nf3 b5 26. Bh6 Rf5 27. Re1 Nf4 28. Bxf4 Rxf4 29. e6 Rf8 30. e7 Re8 31. Ng5 h6 32. Nh7 Kd6 33. Nf6 Rxe7 34. Rxe7 Kxe7 35. Ng8+ Kd6 36. Nxh6 c4 37. Kg3 a5 38. Kf4 Kd5 39. Ng4 a4 40. Nf6+ Kc5 41. Ne4+ Kd5 42. h4 b4 43. dxc4+ Kxc4 44. Nd2+ Kc5 45. Ke4 bxa3 46. bxa3 1-0

[Event "Mittelrhein Verbandsliga-W 15/16"]
[Site "Nordrheinwestfalen"]
[Date "2016.01.31"]
[Round "7.7"]
[White "Alexopoulos, Spiros Orestis"]
[Black "Dreser, Dominik"]
[Result "1-0"]
[WhiteElo "1859"]
[BlackElo "1513"]
[PlyCount "57"]
[EventDate "2015.09.06"]
[EventType "team-tourn"]
[EventRounds "11"]
[EventCountry "GER"]
[SourceTitle "EXT 2022"]
[Source "ChessBase"]
[SourceDate "2021.10.06"]
[SourceVersion "1"]
[SourceVersionDate "2021.10.06"]
[SourceQuality "1"]
[WhiteTeam "Aachen SV II"]
[BlackTeam "Erftstadt SV"]
[WhiteTeamCountry "GER"]
[BlackTeamCountry "GER"]

1. c4 d6 2. g3 g6 3. Bg2 Bg7 4. Nc3 Nf6 5. e4 Nc6 6. Nge2 e5 7. 0-0 0-0 8. d3 Bg4 9. h3 Bxe2 10. Nxe2 Nd7 11. f4 f5 12. Rb1 Nd4 13. Nxd4 exd4 14. exf5 Rxf5 15. Bxb7 Rb8 16. Bd5+ Kh8 17. Re1 Nf6 18. Be6 Ra5 19. a3 d5 20. Bd2 Ra6 21. Bb4 Rbb6 22. cxd5 Nxd5 23. Bxd5 Qxd5 24. Re8+ Bf8 25. Bxf8 Kg8 26. Bh6+ Kf7 27. Rf8+ Ke7 28. Qe1+ Re6 29. Qb4+ 1-0

[Event "Solingen-ch"]
[Site "Solingen"]
[Date "2015.09.04"]
[Round "1"]
[White "Alexopoulos, Spiros Orestis"]
[Black "Kniest, Oliver"]
[Result "0-1"]
[WhiteElo "1931"]
[BlackElo "2291"]
[PlyCount "56"]
[EventDate "2015.09.04"]
[EventType "swiss"]
[EventRounds "7"]
[EventCountry "GER"]
[SourceTitle "EXT 2018"]
[Source "ChessBase"]
[SourceDate "2017.10.13"]
[SourceVersion "1"]
[SourceVersionDate "2017.10.13"]
[SourceQuality "1"]

1. c4 e6 2. g3 d5 3. Bg2 Nf6 4. Nf3 dxc4 5. 0-0 Nbd7 6. Qa4 a6 7. Nc3 Rb8 8. Qxc4 b5 9. Qd3 c5 10. b3 Be7 11. Qc2 0-0 12. d3 Bb7 13. Bb2 Qb6 14. e4 e5 15. Nd1 Bd6 16. Ne3 Rfe8 17. Nf5 Bf8 18. Bc1 Rbc8 19. Be3 Qc7 20. Nd2 Ng4 21. Qd1 Nxe3 22. fxe3 g6 23. Qg4 Qd8 24. Nh4 Rc6 25. Rf2 Bh6 26. Nf5 Bf8 27. Nh4 Nf6 28. Qh3 Qxd3 0-1

[Event "Cologne Longerich op-A 12th"]
[Site "Cologne"]
[Date "2015.08.02"]
[Round "5"]
[White "Joerres, Till"]
[Black "Alexopoulos, Spiros Orestis"]
[Result "0-1"]
[WhiteElo "1767"]
[BlackElo "1929"]
[PlyCount "22"]
[EventDate "2015.07.31"]
[EventType "tourn"]
[EventRounds "5"]
[EventCountry "GER"]
[SourceTitle "EXT 2017"]
[Source "ChessBase"]
[SourceDate "2016.10.25"]
[SourceVersion "1"]
[SourceVersionDate "2016.10.25"]
[SourceQuality "1"]

1. e4 d5 2. exd5 Nf6 3. c4 Bg4 4. Be2 Bxe2 5. Nxe2 e6 6. dxe6 fxe6 7. 0-0 Bd6 8. d4 Bxh2+ 9. Kxh2 Ng4+ 10. Kg1 Qh4 11. Ng3 Qh2# 0-1

[Event "Cologne Longerich op-A 12th"]
[Site "Cologne"]
[Date "2015.08.01"]
[Round "3"]
[White "Gnass, Arno"]
[Black "Alexopoulos, Spiros Orestis"]
[Result "0-1"]
[WhiteElo "1798"]
[BlackElo "1929"]
[PlyCount "96"]
[EventDate "2015.07.31"]
[EventType "tourn"]
[EventRounds "5"]
[EventCountry "GER"]
[SourceTitle "EXT 2017"]
[Source "ChessBase"]
[SourceDate "2016.10.25"]
[SourceVersion "1"]
[SourceVersionDate "2016.10.25"]
[SourceQuality "1"]

1. d4 Nf6 2. Nf3 c5 3. b3 cxd4 4. Bb2 e5 5. c3 dxc3 6. Nxc3 Nc6 7. e3 Bc5 8. a3 d5 9. b4 Bd6 10. Nb5 Bb8 11. Be2 0-0 12. 0-0 a6 13. Nc3 e4 14. Nd4 Qd6 15. g3 Ne5 16. b5 Bh3 17. Re1 Kh8 18. a4 Ba7 19. bxa6 bxa6 20. Nb3 Rfd8 21. Ba3 Qe6 22. Nd4 Bxd4 23. exd4 Neg4 24. Bf1 Bxf1 25. Rxf1 e3 26. f3 Nf2 27. Qe2 Rac8 28. Nd1 Nxd1 29. Raxd1 Rc3 30. Bc5 Rb8 31. a5 Rcb3 32. Bb6 Nd7 33. Rb1 Rxb1 34. Rxb1 Nxb6 35. Rxb6 Rxb6 36. axb6 Qxb6 37. Qxe3 Qe6 38. Qd2 h6 39. Kg2 Qc6 40. Qb4 Kh7 41. Qb1+ g6 42. Qb4 Kg7 43. Qe7 Qe6 44. Qc5 Qe2+ 45. Kh3 Qxf3 46. Qd6 Qe4 47. Qc5 g5 48. Qb6 Qe6+ 0-1

[Event "Solingen Karneval op"]
[Site "Solingen"]
[Date "2015.02.13"]
[Round "1"]
[White "Alexopoulos, Spiros Orestis"]
[Black "Seger, Ruediger"]
[Result "0-1"]
[WhiteElo "1833"]
[BlackElo "2377"]
[PlyCount "92"]
[EventDate "2015.02.13"]
[EventType "swiss"]
[EventRounds "5"]
[EventCountry "GER"]
[SourceTitle "EXT 2016"]
[Source "ChessBase"]
[SourceDate "2015.10.08"]
[SourceVersion "1"]
[SourceVersionDate "2015.10.08"]
[SourceQuality "1"]

1. c4 Nf6 2. Nc3 d5 3. cxd5 Nxd5 4. g3 g6 5. Bg2 Nb6 6. Nf3 Bg7 7. 0-0 Nc6 8. d3 0-0 9. Be3 e5 10. Qd2 Re8 11. Rac1 Nd4 12. Bg5 f6 13. Bh6 c6 14. Bxg7 Kxg7 15. e3 Nxf3+ 16. Bxf3 Be6 17. Rfd1 Qe7 18. b3 a5 19. Ne4 Bd5 20. Bg2 Red8 21. Nc5 Bxg2 22. Kxg2 Nd5 23. e4 Nb4 24. a3 Na6 25. Qxa5 Nxc5 26. Qxc5 Qxc5 27. Rxc5 Rxa3 28. Rc3 Rd4 29. Rd2 Ra1 30. Kf3 Rb1 31. Ra2 Rb4 32. Ra3 Rb2 33. h4 Kf7 34. g4 f5 35. g5 Rb1 36. Ra7 R1xb3 37. Rxc6 fxe4+ 38. Kg2 exd3 39. Rf6+ Ke7 40. Ra8 Rg4+ 41. Kh3 Rxh4+ 42. Kg2 Rg4+ 43. Kh2 Rf4 44. Rxf4 exf4 45. Ra2 Ke6 46. f3 Rc3 0-1

[Event "Cologne Longerich op-A 11th"]
[Site "Cologne"]
[Date "2014.08.01"]
[Round "1"]
[White "Alexopoulos, Spiros Orestis"]
[Black "Hennig, Edgar Paul"]
[Result "0-1"]
[WhiteElo "1761"]
[BlackElo "1882"]
[PlyCount "105"]
[EventDate "2014.08.01"]
[EventType "swiss"]
[EventRounds "5"]
[EventCountry "GER"]
[SourceTitle "EXT 2022"]
[Source "ChessBase"]
[SourceDate "2021.10.06"]
[SourceVersion "1"]
[SourceVersionDate "2021.10.06"]
[SourceQuality "1"]

1. c4 e5 2. Nc3 Nf6 3. e4 Bc5 4. g3 d6 5. h3 Nc6 6. Bg2 Be6 7. d3 a6 8. Nge2 Nd4 9. 0-0 Qd7 10. Kh2 Ng8 11. f4 f6 12. Nxd4 Bxd4 13. f5 Bf7 14. g4 g5 15. fxg6 hxg6 16. Nd5 Bxd5 17. cxd5 0-0-0 18. Bd2 Rh7 19. Rc1 Rf8 20. Ba5 Qb5 21. Qd2 Kb8 22. Bc3 Bb6 23. Bf3 Ne7 24. Be2 Rfh8 25. Rf3 Qd7 26. Rg3 Bf2 27. Bf1 Bxg3+ 28. Kxg3 f5 29. Ba5 f4+ 30. Kf2 b6 31. d4 Qa4 32. Bc3 g5 33. dxe5 Rc8 34. Bg2 dxe5 35. Bxe5 Ng6 36. Bd4 Nh4 37. Bf1 f3 38. b3 Qe8 39. Bxa6 Rd8 40. Qb4 Qxe4 41. Rc6 Qxd5 42. Rc4 Qd6 43. Qxd6 Rxd6 44. Bb5 Kb7 45. Be5 Rd2+ 46. Kf1 c5 47. Ra4 Rd1+ 48. Kf2 Rh6 49. Ba6+ Kc6 50. Bc4 Ng6 51. Bb8 Rxh3 52. Ra7 Rd2+ 53. Ke3 0-1